OPAC | Catalogo Arcigay delle biblioteche LGBTQIA+

Il Catalogo di Arcigay delle Biblioteche LGBTQIA+ è un servizio fornito grazie alla collaborazione tra Arcigay nazionale e le associazioni locali aderenti al progetto che conservano e rendono pubbliche biblioteche a tema LGBTQIA+.

Under 25 (Record no. 28878)

MARC details
000 -LEADER
campo di controllo lung. fissa 00380nam a2200145 4500
003 - Identificatore del numero di controllo
campo di controllo NP
005 - Data e orario dell'ultima transazione
campo di controllo 20260306180009.0
008 - Elementi di lunghezza fissa--Informazione generale
campo di controllo lung. fissa 260306b |||||||| |||| 00| 0 eng d
020 ## - ISBN (International Standard Book Number)
ISBN (International Standard Book Number) 8876630740
040 ## - Fonte della catalogazione
Agenzia che fa la trascrizione NP
100 ## - Accesso principale -- nome di persona
Nome di persona Tondelli Pier Vittorio
245 ## - Formulazione del titolo
Titolo Under 25
Complemento del titolo Giovani Blues
Formulazione di responsabilità, ecc. Pier Vittorio Tondelli
260 ## - Pubblicazione, distribuzione, ecc. (stampa)
Luogo di pubblicazione, distribuzione, ecc. Urbino
Nome dell'editore, distributore, ecc. Il lavoro editoriale
Data di pubblicazione, distribuzione, ecc. 1986
942 ## - Dati aggiuntivi (Koha)
Fonte della classificazione o dello schema di collocazione (segnatura) Classificazione decimale Dewey
Tipo copia default (Koha) Libri
Nasconto in Opac No
Holdings
Status ritirato Status smarrito: Fonte della classificazione o dello schema di collocazione (segnatura) Status danneggiato: Escluso dal prestito Biblioteca di appartenenza Biblioteca corrente Data di acquisti Totale prestiti Collocazione Codice a barre Data ultima revisione Prezzo effettivo da Tipo copia default (Koha)
    Classificazione decimale Dewey     ROVIGO | Politropia Arcigay Rovigo APS ROVIGO | Politropia Arcigay Rovigo APS 06/03/2026   853.914 TON UND 11781 06/03/2026 06/03/2026 Libri
Se cerchi informazioni su Arcigay, le puoi trovare nel nostro sito: www.arcigay.it